000 nam a22 7a 4500
999 _c126628
_d126628
008 170810b xxu||||| |||| 00| 0 eng d
050 _aBV4140.H715
100 _aHogarth, Jonathan
_934701
245 _aTheological Education in Context
_b100 extension programmes in contemporary Africa
_cJonathan Hogarth et al...
260 _aKenya
_bUzima Press
_c1983
300 _a189p. ;
_c21cm.
650 _aTheology
_xStudy and teaching
_zAfrica
_926171
942 _2lcc
_cMONOGRAPH